000 00690nam a2200241Ia 4500
003 OSt
005 20220925214643.0
006 a|||||r|||| 00| 0
007 ta
008 220923b |||||||| |||| 00| 0 eng d
037 _cGeneral Book
040 _aRTL
_cRTL
_beng
041 _2eng
_aeng
082 _aXM8:8.42.N8, M3
100 _aTrevor Malcolm
_9231905
245 0 _aJapan's reluctant multinationals
_b Japanese managem
260 _aLondon
_bFrances Pinter
_c1983
300 _axviii, 223p
_ccm.
500 _aBibliography p 210-18
650 _aMultinational
942 _hXM8:8.42.N8, M3
_cGB
_2CC
999 _c566139
_d566139